000 00617nam a22002417a 4500
003 UA-OsUOA
001 24814
007 ta
008 20040302b un ||||| |||| 00| 0 ukr d
100 _aФуттей Б.
090 _a342.4(477)
_bФ96
942 _cBK
040 _aUA-OsUOA
_bukr
_cUA-OsUOA
_dUA-OsUOA
245 _aСемінар: розвиток недержавних організацій через правові реформи
300 _a223 с.
955 _a0
041 _aukr
080 _a342.4(477)
260 _aКиїв
_c1996
044 _aUA
650 7 _2UDC
999 _c311098
_d311098